000 01691cam a2200157 4500500
005 20260222001719.0
041 _afre
042 _adc
100 1 0 _aRenaud, Esteban
_eauthor
245 0 0 _aThe Legal Opinions of Consultant Judges as a Legitimation of the Conseil d’État’s Law-Making Power
260 _c2026.
500 _a27
520 _aThe conclusions (public legal opinion) of the rapporteurs publics (reporting judges) at the French Conseil d’État are striking for their omnipresence in the doctrinal discourse surrounding the institution’s rulings. The 21st century was marked first and foremost by the Conseil d’État’s fierce defense of its public rapporteurs and their conclusions against the threat of the European Convention on Human Rights. Relying on new information and communication technologies, the Conseil d’État keeps encouraging the visibility of these documents. In light of the conditions under which they are produced, the conclusions are perceived as providing additional rationale for the decision to which they relate. What’s more, they carry their own normativity in that they constantly reinterpret the Conseil d’État’s jurisprudential past. Thus, far from being constrained by case law, reporting judges are among its principal craftsmen. In so doing, they establish self-referentiality by which they contribute to the legitimization of the institution’s jurisprudential power, which is essential to the Conseil d’État as a whole.
786 0 _nDroit et société | 121 | 3 | 2026-01-27 | p. 569-594 | 0769-3362
856 4 1 _uhttps://droit.cairn.info/journal-droit-et-societe-2025-3-page-569?lang=en&redirect-ssocas=7080
999 _c1664656
_d1664656